<?xml version="1.0" encoding="UTF-8"?><?xml-stylesheet type="text/xsl" href="static/style.xsl"?><OAI-PMH xmlns="http://www.openarchives.org/OAI/2.0/" xmlns:xsi="http://www.w3.org/2001/XMLSchema-instance" xsi:schemaLocation="http://www.openarchives.org/OAI/2.0/ http://www.openarchives.org/OAI/2.0/OAI-PMH.xsd"><responseDate>2026-06-02T16:10:37Z</responseDate><request verb="GetRecord" identifier="oai:riuma.uma.es:10630/32479" metadataPrefix="marc">https://riuma.uma.es/rest/oai/request</request><GetRecord><record><header><identifier>oai:riuma.uma.es:10630/32479</identifier><datestamp>2026-02-03T10:56:29Z</datestamp><setSpec>com_10630_2254</setSpec><setSpec>col_10630_37953</setSpec></header><metadata><record xmlns="http://www.loc.gov/MARC21/slim" xmlns:dcterms="http://purl.org/dc/terms/" xmlns:doc="http://www.lyncode.com/xoai" xmlns:xsi="http://www.w3.org/2001/XMLSchema-instance" xsi:schemaLocation="http://www.loc.gov/MARC21/slim http://www.loc.gov/standards/marcxml/schema/MARC21slim.xsd">
   <leader>00925njm 22002777a 4500</leader>
   <datafield ind2=" " ind1=" " tag="042">
      <subfield code="a">dc</subfield>
   </datafield>
   <datafield ind2=" " ind1=" " tag="720">
      <subfield code="a">Mousavi, Soraya</subfield>
      <subfield code="e">author</subfield>
   </datafield>
   <datafield ind2=" " ind1=" " tag="720">
      <subfield code="a">Regni, Luca</subfield>
      <subfield code="e">author</subfield>
   </datafield>
   <datafield ind2=" " ind1=" " tag="720">
      <subfield code="a">Bocchini, Marika</subfield>
      <subfield code="e">author</subfield>
   </datafield>
   <datafield ind2=" " ind1=" " tag="720">
      <subfield code="a">Mariotti, Roberto</subfield>
      <subfield code="e">author</subfield>
   </datafield>
   <datafield ind2=" " ind1=" " tag="720">
      <subfield code="a">Cultrera, Nicoló M.</subfield>
      <subfield code="e">author</subfield>
   </datafield>
   <datafield ind2=" " ind1=" " tag="720">
      <subfield code="a">Mancuso, Stefano</subfield>
      <subfield code="e">author</subfield>
   </datafield>
   <datafield ind2=" " ind1=" " tag="720">
      <subfield code="a">Googlani, Jalaladdin</subfield>
      <subfield code="e">author</subfield>
   </datafield>
   <datafield ind2=" " ind1=" " tag="720">
      <subfield code="a">Chakerolhosseini, Mohammad R.</subfield>
      <subfield code="e">author</subfield>
   </datafield>
   <datafield ind2=" " ind1=" " tag="720">
      <subfield code="a">Guerrero-Ruiz, Consolación María</subfield>
      <subfield code="e">author</subfield>
   </datafield>
   <datafield ind2=" " ind1=" " tag="720">
      <subfield code="a">Albertini, Emidio</subfield>
      <subfield code="e">author</subfield>
   </datafield>
   <datafield ind2=" " ind1=" " tag="720">
      <subfield code="a">Baldoni, Luciana</subfield>
      <subfield code="e">author</subfield>
   </datafield>
   <datafield ind2=" " ind1=" " tag="720">
      <subfield code="a">Proietti, Primo</subfield>
      <subfield code="e">author</subfield>
   </datafield>
   <datafield ind2=" " ind1=" " tag="260">
      <subfield code="c">2019-01-31</subfield>
   </datafield>
   <datafield ind2=" " ind1=" " tag="520">
      <subfield code="a">Cultivated olive, a typical fruit crop species of the semi-arid regions, could successfully face the new&#xd;
scenarios driven by the climate change through the selection of tolerant varieties to salt and drought&#xd;
stresses. In the present work, multidisciplinary approaches, including physiological, epigenetic and&#xd;
genetic studies, have been applied to clarify the salt tolerance mechanisms in olive. Four varieties&#xd;
(Koroneiki, Royal de Cazorla, Arbequina and Picual) and a related form (O. europaea subsp. cuspidata)&#xd;
were grown in a hydroponic system under different salt concentrations from zero to 200 mM. In order&#xd;
to verify the plant response under salt stress, photosynthesis, gas exchange and relative water content&#xd;
were measured at different time points, whereas chlorophyll and leaf concentration of Na+, K+ and Ca2+&#xd;
ions, were quantified at 43 and 60 days after treatment, when stress symptoms became prominent.&#xd;
Methylation sensitive amplification polymorphism (MSAP) technique was used to assess the effects&#xd;
of salt stress on plant DNA methylation. Several fragments resulted differentially methylated among&#xd;
genotypes, treatments and time points. Real time quantitative PCR (RT-qPCR) analysis revealed&#xd;
significant expression changes related to plant response to salinity. Four genes (OePIP1.1, OePetD,&#xd;
OePI4Kg4 and OeXyla) were identified, as well as multiple retrotransposon elements usually targeted by&#xd;
methylation under stress conditions.</subfield>
   </datafield>
   <datafield ind1="8" ind2=" " tag="024">
      <subfield code="a">Mousavi, S., Regni, L., Bocchini, M. et al. Physiological, epigenetic and genetic regulation in some olive cultivars under salt stress. Sci Rep 9, 1093 (2019). https://doi.org/10.1038/s41598-018-37496-5</subfield>
   </datafield>
   <datafield ind1="8" ind2=" " tag="024">
      <subfield code="a">https://hdl.handle.net/10630/32479</subfield>
   </datafield>
   <datafield ind1="8" ind2=" " tag="024">
      <subfield code="a">10.1038/s41598-018-37496-5</subfield>
   </datafield>
   <datafield tag="653" ind2=" " ind1=" ">
      <subfield code="a">Olivos - Genética</subfield>
   </datafield>
   <datafield tag="653" ind2=" " ind1=" ">
      <subfield code="a">Plantas - Efectos de la sal</subfield>
   </datafield>
   <datafield tag="653" ind2=" " ind1=" ">
      <subfield code="a">Plantas - Efectos del estrés</subfield>
   </datafield>
   <datafield ind2="0" ind1="0" tag="245">
      <subfield code="a">Physiological, epigenetic and genetic regulation in some olive cultivars under salt stress.</subfield>
   </datafield>
</record>
</metadata></record></GetRecord></OAI-PMH>